000 00541nam a2200169 i 4500
001 57123
003 ES-MaACL
005 20230906163522.0
007 t|
008 031015s1972 sp ||||1| spa d
100 1 _aDonne, John.
_945325
245 1 0 _aPoesía amorosa /
_cJohn Donne ; selección, traducción y prólogo de José Mª Martín Triana.
260 _a[Madrid :
_bAlberto Corazón,
_c1972]
300 _a83 p. :
_b1 retr. aut. ;
_c19 cm.
700 1 _aMartín Triana, José María.
_977665
852 _aES-MaACL
_jC-51183
_bR.83794
999 _c57123
_d57123